000
00285nam a22001337a 4500
008
210301b ||||| |||| 00| 0 eng d
020
_a
2901418837531
041
_a
eng
080
_a
004
100
_a
28
101
_a
SHKI
245
_a
Guide to Apache
_c
Sawicki,E
942
_2
udc
_c
BK
999
_c
55394
_d
55394